Biblioteca

Como triunfar con Jesús : (Registro nro. 69020)

Detalles MARC
000 -LÍDER
Campo fijo de descripción fija 02143nam a2200325 i 4500
001 - NÚMERO DE CONTROL
Campo de control 768714001
003 - IDENTIFICADOR DEL NÚMERO DE CONTROL
Campo de control CO-MdFUSB
005 - FECHA Y HORA DE LA ULTIMA TRANSACCIÓN
control field 20230928172843.0
007 - CAMPO FIJO DE DESCRIPCIÓN FIJA--INFORMACIÓN GENERAL
Campo fijo de descripción fija ta
008 - ELEMENTOS DE LONGITUD FIJA -- INFORMACIÓN GENERAL
Campo fijo de descripción fija -- Información general 230921t19882003us ||||g |||| 00| 0 spa d
020 ## - NÚMERO INTERNACIONAL NORMALIZADO PARA LIBROS
Número Internacional Normalizado del libro 1576582876
040 ## - FUENTE DE CATALOGACIÓN
Agencia de catalogación original CO-MdFUSB
Idioma de catalogación spa
Agencia que realiza la transcripción CO-MdFUSB
Agencia que realiza la modificación CO-MdFUSBC
Convenciones de la descripción rda
041 ## - CÓDIGO DE IDIOMA
Código de idioma para texto/pista de sonido o título separado spa
Código de idioma original eng
082 ## - NÚMERO DE CLASIFICACIÓN DECIMAL DEWEY
Número de la edición del Dewey 23
Número de clasificación 248.4
Clave de autor-Numero de item C973
100 ## - ASIENTO PRINCIPAL--NOMBRE PERSONAL
Nombre personal Cunningham, Loren,
Término relacionador autor
240 ## - TITULO UNIFORME
Título uniforme <a href="Making Jesus Lord: the dinamic power of laying down your rights">Making Jesus Lord: the dinamic power of laying down your rights</a>
245 ## - TÍTULO
Título del Material Como triunfar con Jesús :
Parte restante del título - Subtitulo los secretos de la victoria espiritual
Mención de responsabilidad, etc. / Loren Cunningham
264 #1 - PRODUCCIÓN, PUBLICACIÓN, DISTRIBUCIÓN, MANUFACTURA, Y COPYRIGHT
Lugar de producción, publicación, distribución, manufactura Estados Unidos :
Nombre del productor, publicador, distribuidor Jucum,
Fecha de producción, publicación, distribución, manufactura, o copyright [1988]
264 #4 - PRODUCCIÓN, PUBLICACIÓN, DISTRIBUCIÓN, MANUFACTURA, Y COPYRIGHT
Fecha de producción, publicación, distribución, manufactura, o copyright © 2003
300 ## - DESCRIPCIÓN FÍSICA
Extensión 143 páginas
Dimensiones ; 21 cm
336 ## - TIPO DE CONTENIDO
Fuente rdacontent
Término de tipo de contenido texto
Código de tipo de contenido txt
337 ## - TIPO DE MEDIO
Fuente rdamedia
Nombre del tipo de medio sin mediación
Código del tipo de medio n
338 ## - TIPO DE SOPORTE
Fuente rdacarrier
Nombre del tipo de soporte volumen
Código Tipo de soporte nc
505 ## - NOTA DE CONTENIDO
Nota de contenido con formato preestablecido Capítulo I. ¿hacia dónde Señor? -- Capítulo II. caminar descalzos -- Capítulo III. toda buena dádiva y todo don perfecto -- <br/>Capítulo IV. ¿Dios todopoderoso o dinero? -- Capítulo V. soy quien soy -- Capítulo VI. sin reputación -- Capítulo VII. tengo derecho a enojarme -- Capítulo VIII. la victoria de los humildes -- Capitulo IX. victoria total.
520 ## - NOTA DE RESUMEN, ETC.
Nota de sumario, etc. La entrega de tus derechos…<br/><br/>…Una noción foránea en nuestra cultura, un concepto diametralmente opuesto a la naturaleza humana. Vivimos en un mundo en el cual la protección y exaltación de los derechos individuales se ha convertido en una obsesión.<br/><br/>Los cristianos concedemos gran valor a los derechos de la persona. En consecuencia, no existe mayor acot de fe y adoración que el depositar estos derechos voluntariamente a los pies de Aquel que nos ha precedido, !el mismo Jesús!<br/><br/>Basado en sus propias experiencias y en las de otros cristianos alrededor del mundo, Loren Cunningham detalla los pasos necesarios para alcanzar una vida de libertad, gozo e intimidad con Dios. Como Triunfar Con Jesús muestra la fuerza dinámica a la que tienen acceso cuantos están preparados para embarcarse en esta aventura de fe.
563 ## - NOTA DE ENCUADERNACIÓN
Nota de encuadernación Rústico
650 #0 - ASIENTO SECUNDARIO DE MATERIA - TERMINO TEMÁTICO
9 (RLIN) 19
Término temático o nombre geográfico como elemento de entrada Vida cristiana
942 ## - TIPO DE MATERIAL (KOHA)
Tipo de Item KOHA Libros General
945 ## - INFORMACIÓN LOCAL DEL REGISTRO
Catalogador sor1564
Existencias
Estado de Material Estado de Perdido Forma de Clasificación Estado de Dañado No para Préstamo Colección Biblioteca de Origen Biblioteca Permanente Fecha de Adquisición Área Total de Préstamos Signatura Topográfica Código de Barras Última vez visto Ejemplar/Existencia Fecha de Remplazo Tipo de Material
    Dewey Decimal Classification     Colección General Biblioteca FUSBC Biblioteca FUSBC 21/09/2023 TEOLOGÍA CRISTIANA   G 248.4 C973c 9919 21/09/2023 Ej. 1 21/09/2023 Libros General

Biblioteca FUSBC | Teléfono: (57+4) 349 88 10 Ext. 141| WhatsApp (+57) 3005338115 
E-mail: biblioteca@unisbc.edu.co | Calle 76 87-14 Robledo Palenque, Medellín, Colombia

Con tecnología Koha